LDR 00497nam a2200169 i 4500 001 000000104058 003 CaOOAMICUS 005 20260331155615.0 008 011026s1973 it u000 u mul u 040 $aSeMil$bita 245 10$a1: A-L. 300 $aXIV, 759 p. 773 0 $tInglese-Italiano.$g[Tomo 1.]$w()1415 850 $aSeMil 852 $aSeMil$W1$xVenegono$y1$m1P VI 24/3$j269465$B60503$CSeMilBibl$Z2$F44966 $81 996 $6245$a1: A-L$9(OLS)http://semarc/title/83312